000 00563nam a2200193 a 4500
001 14133
003 CO-ViMGA
008 141112s2004 ck r 000 u spa d
020 _a9589075568
040 _aCO-ViMGA
_bspa
_cCO-ViMGA
082 0 4 _aCo863 E726
100 1 _aEscobar M., Augusto
_920654
245 1 0 _aMemoria compartida con Manuel Mejia Vallejo
260 _aMedellin. Biblioteca Publica Piloto de Medellin,
_c1993
300 _a482
650 1 4 _aLITERATURA COLOMBIANA
_91068
650 1 4 _aMEJIA VALLEJO, MANUEL - ENTREVISTAS
_920655
942 _2ddc
_cBK
999 _c24832
_d24832